000 00767nas a2200265 4500
001 BR7502934
003 BR-BrBNA
005 20231205082827.0
007 ta
008 230509b bl.|||p| |||| 00| 00por d
040 _aBR-BrBNA
_bpor
_cBiblioteca Nacional de Agricultura
041 _a(Pt)
072 _aL73
100 1 _aAnon.
245 1 _aA doenca que mata cavalos [Equus caballus, Anemia infecciosa, Mato Grosso, Goias, Brasil]
650 _aCAVALO
650 _aANEMIA INFECCIOSA
650 _aVIROSE ANIMAL
650 _aPANTANAL
650 _aMATO GROSSO
650 _aGOIAS
773 0 _tDirigente Rural (Brazil)
_xISSN 0012-3374
_g(Sep 1975), v. 14(9-10) p. 36-38
_wBR7502934
909 _a202311
_bLúcia
_c55
_dLúcia Elande
942 _2AGRIS
_n0
_cANA
999 _c94485
_d94485